|
|
|
|
| LEADER |
00000cam a22000004a 4500 |
| 001 |
musev2_8606 |
| 003 |
MdBmJHUP |
| 005 |
20230905040954.0 |
| 006 |
m o d |
| 007 |
cr||||||||nn|n |
| 008 |
041027s2006 wiu o 00 0 eng d |
| 010 |
|
|
|z 2004025636
|
| 020 |
|
|
|a 9780299207632
|
| 020 |
|
|
|z 9780299207601
|
| 020 |
|
|
|z 9780299207649
|
| 035 |
|
|
|a (OCoLC)646809532
|
| 040 |
|
|
|a MdBmJHUP
|c MdBmJHUP
|
| 041 |
0 |
|
|a eng
|a rus
|
| 050 |
0 |
4 |
|a PG3343.B64
|b D86 2006
|
| 082 |
0 |
|
|a 891.72/3
|2 22
|
| 100 |
1 |
|
|a Dunning, Chester S. L.,
|d 1949-
|
| 245 |
1 |
4 |
|a The Uncensored Boris Godunov :
|b The Case for Pushkin's Original Comedy /
|c Chester Dunning ; with Caryl Emerson ... [et al.].
|
| 264 |
|
1 |
|a Madison :
|b University of Wisconsin Press,
|c 2006.
|
| 264 |
|
3 |
|a Baltimore, Md. :
|b Project MUSE,
|c 2012
|
| 264 |
|
4 |
|c ©2006.
|
| 300 |
|
|
|a 1 online resource (577 pages):
|b ill. ;
|
| 336 |
|
|
|a text
|b txt
|2 rdacontent
|
| 337 |
|
|
|a computer
|b c
|2 rdamedia
|
| 338 |
|
|
|a online resource
|b cr
|2 rdacarrier
|
| 504 |
|
|
|a Includes bibliographical references (p. 511-534) and index.
|
| 505 |
0 |
|
|a Reconsidering history and expanding the canon / Caryl Emerson and Chester Dunning -- The problem of Boris Godunov : a review of interpretations and the so-called canonical text / Chester Dunning -- The exiled poet-historian and the creation of his comedy / Chester Dunning -- The tragic fate of Pushkin's comedy / Chester Dunning -- The world of laughter in Pushkin's comedy / Sergei Fomichev -- Tragedy, comedy, carnival, and history on stage / Caryl Emerson -- The ebb and flow of influence : muffling the comedic in the move toward print / Caryl Emerson -- Boris Godunov and the Russian literary canon / Caryl Emerson and Chester Dunning.
|
| 588 |
|
|
|a Description based on print version record.
|
| 600 |
0 |
0 |
|a Boris Fyodorovich Godunov,
|c Czar of Russia,
|d 1551 or 2-1605
|v Drama.
|
| 600 |
1 |
0 |
|a Pushkin, Aleksandr Sergeevich,
|d 1799-1837.
|t Boris Godunov.
|
| 655 |
|
7 |
|a Electronic books.
|2 local
|
| 700 |
1 |
2 |
|a Pushkin, Aleksandr Sergeevich,
|d 1799-1837.
|t Boris Godunov.
|l English.
|
| 700 |
1 |
2 |
|a Pushkin, Aleksandr Sergeevich,
|d 1799-1837.
|t Boris Godunov.
|
| 700 |
1 |
|
|a Emerson, Caryl.
|
| 710 |
2 |
|
|a Project Muse.
|e distributor
|
| 830 |
|
0 |
|a Book collections on Project MUSE.
|
| 856 |
4 |
0 |
|z Texto completo
|u https://projectmuse.uam.elogim.com/book/8606/
|
| 945 |
|
|
|a Project MUSE - Custom Collection
|
| 945 |
|
|
|a Project MUSE - Archive Complete Foundation
|
| 945 |
|
|
|a Project MUSE - Archive Literature Foundation
|
| 945 |
|
|
|a Project MUSE - Archive Russian and East European Studies Foundation
|